000 00542nmm a2200169Ia 4500
008 251105s9999||||xx |||||||||||||||||und||
041 _aspa
100 _aRamírez Hernández, Laura Valentina
245 0 _aEl reflejo de la verdad
264 _a[Bogotá, Colombia] :
_bPolitécnico Grancolombiano,
_c2020
300 _a34 páginas
650 _aTeen & Young Adult Fiction
700 _aRamírez Hernández, Laura Valentina
700 1 _a Romero, Sarah Milena
856 _uhttps://public.digitaliapublishing.com/a/130857
942 _cCF
999 _c70309
_d70309